Constrained-efficient capital reallocation (Record no. 522441)

000 -LEADER
fixed length control field 01206nam a22001457a 4500
008 - FIXED-LENGTH DATA ELEMENTS--GENERAL INFORMATION
fixed length control field 230411b ||||| |||| 00| 0 eng d
100 ## - MAIN ENTRY--PERSONAL NAME
Personal name Lanteri, Andrea and Rampini, Adriano A.
245 ## - TITLE STATEMENT
Title Constrained-efficient capital reallocation
260 ## - PUBLICATION, DISTRIBUTION, ETC. (IMPRINT)
Place of publication, distribution, etc The American: Economic Reviews
300 ## - PHYSICAL DESCRIPTION
Extent 113(2), Feb, 2023: p. 354-395
520 ## - SUMMARY, ETC.
Summary, etc We characterize efficiency in an equilibrium model of investment and capital reallocation with heterogeneous firms facing collateral constraints. The model features two types of pecuniary externalities: collateral externalities, because the resale price of capital affects collateral constraints, and distributive externalities, because buyers of old capital are more financially constrained than sellers, consistent with empirical evidence. We prove that the stationary equilibrium price of old capital is inefficiently high because the distributive externality exceeds the collateral externality, by a factor of two when we calibrate the model. New investment reduces the future price of old capital, providing a rationale for new-investment subsidies.- Reproduced
773 ## - HOST ITEM ENTRY
Main entry heading The American: Economic Reviews
906 ## - LOCAL DATA ELEMENT F, LDF (RLIN)
Subject DIP INVEESTMENT
942 ## - ADDED ENTRY ELEMENTS (KOHA)
Item type Articles
Holdings
Withdrawn status Lost status Source of classification or shelving scheme Damaged status Not for loan Permanent location Current location Date acquired Serial Enumeration / chronology Barcode Date last seen Koha item type
          Indian Institute of Public Administration Indian Institute of Public Administration 2023-04-11 113(2), Feb, 2023: p. 354-395 AR128638 2023-04-11 Articles

Powered by Koha